| 000 | 00569cam a2200157 a 4500 | ||
|---|---|---|---|
| 020 | _a2908912155 : | ||
| 040 | _cDLC | ||
| 082 | 0 | 0 | _a303 PRE 1994 A011 Or. |
| 245 | 0 | 2 |
_aL'Espagne et la France à l'époque de la Révolution française (1793-1807) : _bactes du colloque organisé à Perpignan les 1er, 2 et 3 octobre 1992 / |
| 260 |
_aPerpignan : _bPresses universitaires de Perpignan, _cc1994. |
||
| 300 |
_a421 p. : _bill., maps ; _c24 cm. |
||
| 490 | 1 | _aCollection Etudes | |
| 650 | 0 | _aFirst Coalition, War of the, 1792-1797 | |
| 700 | 1 | _aSagnes, Jean. | |
| 942 | _cEK | ||
| 999 |
_c13605 _d13605 |
||